| 000 | 05140cam a22018494i 4500 | ||
|---|---|---|---|
| 003 | PE-LiUPU | ||
| 005 | 20250813165924.0 | ||
| 008 | 150706s2012 sp a r 000 0 spa d | ||
| 020 | _a9788415419563 | ||
| 035 | _a(Sirsi) i9788415419563 | ||
| 040 |
_aPE-LiUPU _bspa _cPE-LiUPU _erda |
||
| 049 | _aPRUA | ||
| 082 | 0 | 4 |
_a616 _bP2 _221 |
| 245 | 0 | 0 |
_aPatología : _bfundamentos clinicopatológicos en medicina / _cRubin ; editores, Raphael Rubin, David S. Strayer ; editor-fundador y consultor, Emanuel Rubin ; [traducción en español, Héctor Raúl Planas González, José Gabriel Pérez Rendón, Gabriela Enríquez Cotera]. |
| 250 | _aSexta edición. | ||
| 264 | 1 |
_aBarcelona : _bWolters Kluwer Health, _c2012. |
|
| 300 |
_a1454 páginas : _bilustraciones a color ; _c29 centímetros |
||
| 336 |
_atext _2rdacontent |
||
| 337 |
_aunmediated _2rdamedia |
||
| 338 |
_avolume _2rdacarrier |
||
| 500 | _aTítulo original: Rubin's pathology. 6th ed. | ||
| 505 | 0 | _aAdaptación celular, lesión celular y muerte celular -- Inflamación -- Reparación, regeneración y fibrosis -- Inmunopatología -- Neoplasias -- Trastornos de desarrollo y de origen genético -- Trastornos hemodinámicos -- Patología ambiental y nutricional -- Enfermedades infecciosas y parasitarias -- Vasos sanguíneos -- El corazón -- El aparato respiratorio -- El aparato digestivo -- El hígado y el sistema de vías biliares -- El páncreas -- El riñón -- Las vías urinarias inferiores y el aparato reproductor masculino -- Sistema reproductor femenino, peritoneo y embarazo -- La mama -- Hematopatología -- El sistema endocrino -- Obesidad, diabetes mellitus y síndrome metabólico -- Las amiloidosis -- La piel -- Cabeza y cuello -- Huesos y articulaciones -- Músculo esquelético -- El sistema nervioso -- El ojo. | |
| 526 | _aP203 | ||
| 526 | _aP200 | ||
| 526 | _aSEG65 | ||
| 526 | _aSEG64 | ||
| 526 | _aSEG63 | ||
| 526 | _aSEG62 | ||
| 526 | _aSEG61 | ||
| 526 | _aSEG60 | ||
| 526 | _aSEG59 | ||
| 526 | _aSEG58 | ||
| 526 | _aSEG57 | ||
| 526 | _aSEG56 | ||
| 526 | _aSEG55 | ||
| 526 | _aSEG54 | ||
| 526 | _aSEG53 | ||
| 526 | _aSEG52 | ||
| 526 | _aSEG51 | ||
| 526 | _aSEG50 | ||
| 526 | _aSEG49 | ||
| 526 | _aSEG48 | ||
| 526 | _aSEG47 | ||
| 526 | _aSEG46 | ||
| 526 | _aSEG24 | ||
| 526 | _aSEG23 | ||
| 526 | _aSEG22 | ||
| 526 | _aSEG21 | ||
| 526 | _aSEG20 | ||
| 526 | _aSEG19 | ||
| 526 | _aSEG18 | ||
| 526 | _aSEG17 | ||
| 526 | _aSEG16 | ||
| 526 | _aSEG14 | ||
| 526 | _aSEG13 | ||
| 526 | _aSEG12 | ||
| 526 | _aSEG11 | ||
| 526 | _aSEG10 | ||
| 526 | _aSEG09 | ||
| 526 | _aSEG06 | ||
| 526 | _aSEG05 | ||
| 526 | _aSEG04 | ||
| 526 | _aSEG03 | ||
| 526 | _aSEG02 | ||
| 526 | _aSEG68 | ||
| 526 | _aSEG66 | ||
| 526 | _aSEG45 | ||
| 526 | _aSEG25 | ||
| 526 | _aSEG01 | ||
| 526 | _aP163 | ||
| 526 | _aP162 | ||
| 526 | _aP161 | ||
| 526 | _aP160 | ||
| 526 | _aP159 | ||
| 526 | _aP158 | ||
| 526 | _aP157 | ||
| 526 | _aP156 | ||
| 526 | _aP155 | ||
| 526 | _aP154 | ||
| 526 | _aP153 | ||
| 526 | _aP152 | ||
| 526 | _aP151 | ||
| 526 | _aP150 | ||
| 526 | _aP149 | ||
| 526 | _aP142 | ||
| 526 | _aP141 | ||
| 526 | _aP140 | ||
| 526 | _aP139 | ||
| 526 | _aP138 | ||
| 526 | _aP137 | ||
| 526 | _aP132 | ||
| 526 | _aP131 | ||
| 526 | _aP130 | ||
| 526 | _aP126 | ||
| 526 | _aP125 | ||
| 526 | _aP124 | ||
| 526 | _aP123 | ||
| 526 | _aP115 | ||
| 526 | _aP122 | ||
| 526 | _aP121 | ||
| 526 | _aP116 | ||
| 526 | _a P114 | ||
| 526 | _aP112 | ||
| 526 | _aP111 | ||
| 526 | _aP104 | ||
| 526 | _aP103 | ||
| 526 | _aP102 | ||
| 526 | _aP101 | ||
| 526 | _aP100 | ||
| 526 | _aP96 | ||
| 526 | _aP95 | ||
| 526 | _aP93 | ||
| 526 | _aP92 | ||
| 526 | _aP91 | ||
| 526 | _aP88 | ||
| 526 | _aP83 | ||
| 526 | _aP82 | ||
| 526 | _aP79 | ||
| 526 | _aP78 | ||
| 526 | _aP75 | ||
| 526 | _aP74 | ||
| 526 | _aP71 | ||
| 526 | _aP69 | ||
| 526 | _a P51 | ||
| 526 | _aP49 | ||
| 526 | _aP48 | ||
| 526 | _aP47 | ||
| 526 | _aP33 | ||
| 526 | _aP31 | ||
| 526 | _a P30 | ||
| 526 | _aP29 | ||
| 526 | _aP27 | ||
| 526 | _aP26 | ||
| 526 | _aP25 | ||
| 526 | _aP24 | ||
| 526 | _a P22 | ||
| 526 | _aP10 | ||
| 526 | _aP09 | ||
| 526 | _a P08 | ||
| 526 | _aP06 | ||
| 526 | _aP05 | ||
| 526 | _aP04 | ||
| 526 | _aP01 | ||
| 541 | _g010-000004; | ||
| 650 | 1 | 4 |
_aPatología. _9787 |
| 700 | 1 |
_aRubin, Raphael, _eed. |
|
| 700 | 1 |
_aStrayer, David S., _eed. |
|
| 700 | 1 |
_aRubin, Emanuel, _eed. |
|
| 700 | 1 |
_aPlanas González, Héctor Raúl, _etr. |
|
| 700 | 1 |
_aPérez Rendón, José Gabriel, _etr. |
|
| 910 |
_clch _d20130626 |
||
| 942 |
_2ddc _cBOOK |
||
| 949 |
_a616 P2 _wDEWEY _c1 _i67665 _lCCODEBUL1 _mBUL _p49.00 _r0 _sY _tBOOK _u2015-7-6 _xSALUD _PP30 _o.STAFF. Colección General |
||
| 994 |
_aC0 _bPEPRU |
||
| 596 | _a1 | ||
| 999 |
_a616 P2 _wDEWEY _c55266 _i67665 _d55266 _e2019-11-18 _f2021-11-4 _g5 _lCCODEBUL1 _mBUL _n44 _p49.00 _q33 _r0 _sY _tBOOK _u2015-7-6 _xSALUD _PP30 _0COMPRA _o.STAFF. Colección Ciencias de la Salud |
||
| 980 |
_81 _gALBERTO SANCHEZ Responsable de Automatización |
||